00846 2200265 4500001002100000001002100021005001500042035002400057040001200081082002000093084002400113090002000137090002400157100003400181245007700215245010600292250001100398260003100409260003300440300003100473504003100504650001800535850001200553990001500565YOGYA000000000001241YOGYA00000000000124120140822091343 0010-081400000001281 aYOPDYOG 2[22]a181.19822 aCoE 181.19822 Suw A a338.17373 Spi K aCoE 181.19822 Suw A aSUWARDI ENDRASWARA, H., 1964- aKomoditi teh ; peranan dalam perekonomian Ind. cet.1cSpillane , James J aAgama Jawab: Laku batin menuju sangkan paranc/ H. Suwardi Endraswara ; editor, Basri Priyo Handoko. aCet.1. aYogyakartabKanisiusc1992 aYogyakartabLembu Jawac2012 a188 hlm.c; 24 cm (3 eks.) aBibliografi : hlm. 180-188 aFilsafat-Jawa aYOPDYOG a59487.P/95